00475nam a2200193 a 4500001001300000003000900013005001700022008004100039020000800080082001300088100001800101245003400119260004600153300000900199500003500208505001000243650001000253700001800263nice12345678IN_TiNIC20260116011340.0050524s1957 cama grp 000 0 eng  ac000a160bBLY aBlyth, John W aModern Introduction to Logic. aCambridgebHoughton Mifflin Companyc1957 a426p aincludes index and biblioraphy2 aIndex aLogic1 aBlyth, John W